banner koha

Indicadores de eficiência técnica e econômica do milho cultivado em sistema plantio direto no Estado de Santa Catarina, Brasil (Registro n. 257839)

MARC details
000 -LÍDER
campo de controle de tamanho fixo 01063nas a2200325 4500
001 - NÚMERO DE CONTROLE
campo de controle BR2019001865
003 - IDENTIFICADOR DO NÚMERO DE CONTROLE
campo de controle BR-BrBNA
005 - DATA E HORÁRIO DA ÚLTIMA TRANSAÇÃO
campo de controle 20231205132004.0
007 - CAMPO FIXO DE DESCRIÇÃO FÍSICA--INFORMAÇÃO GERAL
campo de controle de tamanho fixo ta
008 - CAMPO DE DADOS FIXOS--INFORMAÇÃO GERAL
campo de controle de tamanho fixo 230509b bl.|||p| |||| 00| 00por d
040 ## - FONTE DA CATALOGAÇÃO
Instituição da catalogação original BR-BrBNA
Idioma da catalogação por
Instituição que transcreveu o registro Biblioteca Nacional de Agricultura
041 ## - CÓDIGO DE IDIOMA
Código do idioma do texto/trilha sonora ou título diferente (Pt)
072 ## - CÓDIGO DE CATEGORIA DE ASSUNTO
Código de Categoria de Assunto E16; F01
100 1# - ENTRADA PRINCIPAL--NOME PESSOAL
Nome pessoal Simioni, F.J.
100 1# - ENTRADA PRINCIPAL--NOME PESSOAL
Nome pessoal Bartz, M.L.C.
100 1# - ENTRADA PRINCIPAL--NOME PESSOAL
Nome pessoal Wildner, L. do P.
100 1# - ENTRADA PRINCIPAL--NOME PESSOAL
Nome pessoal Spagnollo, E.
100 1# - ENTRADA PRINCIPAL--NOME PESSOAL
Nome pessoal Veiga, M. da
100 1# - ENTRADA PRINCIPAL--NOME PESSOAL
Nome pessoal Baretta, D.
245 1# - TÍTULO
Título Indicadores de eficiência técnica e econômica do milho cultivado em sistema plantio direto no Estado de Santa Catarina, Brasil
650 ## - ASSUNTO--TERMO TÓPICO
Cabeçalho tópico ou nome geográfico MILHO
650 ## - ASSUNTO--TERMO TÓPICO
Cabeçalho tópico ou nome geográfico ADUBO ORGÂNICO
650 ## - ASSUNTO--TERMO TÓPICO
Cabeçalho tópico ou nome geográfico PLANTIO DIRETO
650 ## - ASSUNTO--TERMO TÓPICO
Cabeçalho tópico ou nome geográfico ANÁLISE ECONÔMICA
650 ## - ASSUNTO--TERMO TÓPICO
Cabeçalho tópico ou nome geográfico CUSTO DE PRODUÇÃO
773 0# - ENTRADA ANALÍTICA
Título Revista Ceres (Brazil)
ISSN - International Standard Serial Number ISSN 2177-3491
Partes relacionadas (May-Jun 2017), v. 64(3) p. 232-241
Número de controle do registro BR2019001865
856 40 - LOCALIZAÇÃO ELETRÔNICA E ACESSO
Uniform Resource Identifier <a href="http://www.scielo.br/pdf/rceres/v64n3/2177-3491-rceres-64-03-00232.pdf">http://www.scielo.br/pdf/rceres/v64n3/2177-3491-rceres-64-03-00232.pdf</a>
909 ## -
-- 202311
-- Lúcia
-- 55
-- Lúcia Elande
942 ## - ELEMENTOS DE ENTRADA ADICIONADOS (KOHA)
Fonte da classificação ou esquema de arquivamento na estante Classificação AGRIS
Ocultar no OPAC Não
Tipo de material Koha Analítica
Exemplares
Situação do descarte Fonte da classificação ou esquema de arquivamento na estante Situação física Não pode ser emprestado Biblioteca de origem Biblioteca atual Localização na estante Enumeração do periódico / cronologia Total de empréstimos Data de último acesso Número do exemplar Tipo de material Koha Fonte de aquisição
  Classificação AGRIS   Consulta local Biblioteca Nacional de Agricultura - Binagri Biblioteca Nacional de Agricultura - Binagri   (May-Jun 2017), v. 64(3) p. 232-241   29/11/2023 01 Periódicos Portaria Interministerial nº 164/94

BINAGRI

Telefone: (61)3218-2567/2388/3357/2097 - binagri@agro.gov.br

Ministério da Agricultura e Pecuária , Esplanada dos Ministérios, Bloco D, Anexo B, Brasília/DF, CEP: 70.043-900